[Event "Barcelona Rubi op-B 5th"]
[Site "Barcelona"]
[Date "2004.04.??"]
[Round "1"]
[White "Rubio Notario, David"]
[Black "Puig Paloma, Claudi"]
[Result "1-0"]
[WhiteElo "1930"]
[BlackElo "1755"]
[PlyCount "75"]
[EventDate "2004.04.25"]
[EventType "swiss"]
[EventRounds "7"]
[EventCountry "ESP"]
[SourceTitle "EXT 2007"]
[Source "ChessBase"]
[SourceDate "2006.11.23"]
[SourceVersion "1"]
[SourceVersionDate "2006.11.23"]
[SourceQuality "1"]

1. e4 c6 2. d4 d5 3. Nd2 dxe4 4. Nxe4 Bf5 5. Ng3 Bg6 6. Nf3 Nd7 7. Nh4 e6 8. Nxg6 hxg6 9. Qf3 Ngf6 10. Be3 Qb6 11. 0-0-0 Nd5 12. a3 Qa5 13. Ne4 N7b6 14. Bd2 Qa4 15. Bc3 Bxa3 16. bxa3 Qxa3+ 17. Bb2 Qb4 18. Qa3 Na4 19. Qxb4 Nxb4 20. Ba3 a5 21. Nd6+ Kd7 22. Nxb7 Na2+ 23. Kd2 Rhb8 24. Nc5+ Nxc5 25. Bxc5 Nb4 26. Bc4 Na6 27. Bxa6 Rxa6 28. Rb1 Rxb1 29. Rxb1 a4 30. Ra1 g5 31. g4 f6 32. Ra3 g6 33. Kc3 Ra8 34. Kb4 Rh8 35. h3 f5 36. c4 fxg4 37. hxg4 Rh2 38. f3 1-0